| 000 | 00484pab a2200181 454500 | ||
|---|---|---|---|
| 008 | 180718b2000 xxu||||| |||| 00| 0 eng d | ||
| 100 | _aSubramanian, S.V. | ||
| 245 | _aIlliterate people and illiterate places: the Indian evidence | ||
| 260 | _c2000 | ||
| 300 | _ap.237-74 | ||
| 362 | _aJul-Dec | ||
| 650 | _aIlliteracy - India | ||
| 650 | _aIlliterates - India | ||
| 650 | _aIlliterates | ||
| 700 | _aDuncan, Craig | ||
| 773 | _aIndian Social Science Review | ||
| 909 | _a47911 | ||
| 999 |
_c47911 _d47911 |
||